Every Terraria Event/Invasion - Statistics

General Stats
  • This quiz has been taken 24 times
  • The average score is 17 of 27
Answer Stats
Answer % Correct
Hardmode Events Martian Madness
100%
Weather Rain
95%
Pre-Hardmode Events Slime Rain
95%
Pre-Hardmode Events Blood Moon
89%
Hardmode Events Pirate Invasion
89%
Seasonal Events Christmas
84%
Seasonal Events Easter
84%
Pre-Hardmode Events Goblin Army
84%
Seasonal Events Halloween
84%
Hardmode Events Frost Moon
79%
Hardmode Events Pumpkin Moon
79%
Weather Windy Day
79%
Weather Sandstorm
74%
Hardmode Events Solar Eclipse
74%
Pre-Hardmode Events Old One's Army
68%
Peaceful Events Party
68%
Seasonal Events Thanksgiving
63%
Weather Thunderstorm
63%
Hardmode Events Frost Legion
58%
Hardmode Events Lunar Event / Celestial Pillars
58%
Peaceful Events Lantern Night
37%
Removed Events Chinese New Year
32%
Seasonal Events Valentine's Day
32%
Pre-Hardmode Events The Torch God
26%
Weather Meteor Shower
21%
Removed Events St. Patrick's Day
21%
Seasonal Events Oktoberfest
11%
No matching quizzes found
Score Distribution
Percent of People with Each Score
Percentile by Number Answered
Your Score History
You have not taken this quiz